Sri Dnyaneshwarpranit Kimayaa:Bhag 1 (Record no. 350666)

MARC details
000 -LEADER
fixed length control field 003530000a22001450004500
005 - DATE AND TIME OF LATEST TRANSACTION
control field 20120302060242.0
040 ## - CATALOGING SOURCE
Original cataloging agency MAR
100 ## - MAIN ENTRY--PERSONAL NAME
Personal name Joshi,Vasant Hari
245 ## - TITLE STATEMENT
Title Sri Dnyaneshwarpranit Kimayaa:Bhag 1
260 ## - PUBLICATION, DISTRIBUTION, ETC. (IMPRINT)
Place of publication, distribution, etc Pune:Brain Trust Publications,1961.
300 ## - PHYSICAL DESCRIPTION
Extent 88p.
650 ## - SUBJECT ADDED ENTRY--TOPICAL TERM
Topical term or geographic name as entry element Tatvadnyan
650 ## - SUBJECT ADDED ENTRY--TOPICAL TERM
Topical term or geographic name as entry element Dnyaneshwari Kimayaa
942 ## - ADDED ENTRY ELEMENTS (KOHA)
Koha item type Book
Holdings
Withdrawn status Lost status Damaged status Not for loan Home library Current library Date acquired Total Checkouts Barcode Date last seen Price effective from
        Institute For Oriental Study, Thane Institute For Oriental Study, Thane 12/02/2009   IOS-736 12/02/2009 12/02/2009